Score 0/17 Timer 02:00
5 Plays Today
Clue 6-Letter Word % Correct
The person in charge of a prisonWARDEN
92.6%
A plot where vegetables are cultivatedGARDEN
91.2%
'Mind over ___'MATTER
90.5%
A higher-than-expert level chess playerMASTER
82.2%
Less difficultEASIER
81.3%
Desolate or unable to have childrenBARREN
79.7%
Feast for Christ's resurrectionEASTER
79.6%
US President between Ford and ReaganCARTER
77.2%
Trade one commodity for anotherBARTER
75.6%
Clue 6-Letter Word % Correct
A person in the on-deck circleBATTER
73.8%
The place where a group of rabbits liveWARREN
72.9%
This is what a cooper makesBARREL
50.1%
A profession one trains inCAREER
36.5%
Opera by BizetCARMEN
35.2%
An individual study table in a libraryCARREL
33.5%
Mount ___, location of Haifa, IsraelCARMEL
28.8%
Move with a sudden lurchCAREEN
28.1%

Today's Daily Dose

Missing Word
I Hardly Know Her!

Word Ladder
Sentence Ending

Quick Pick
Female Firsts

Get the Picture
Triathlon Sports

Remove Ads.
Support Sporcle.
Get the best of Sporcle when you Go Orange. This ad-free experience offers more features, more stats, and more fun while also helping to support Sporcle. Thank you for becoming a member.

You're not logged in!

Compare scores with friends on all Sporcle quizzes.
OR
Log In

Show Comments

Extras

Top Quizzes Today


Score Distribution

Your Account Isn't Verified!

In order to create a playlist on Sporcle, you need to verify the email address you used during registration. Go to your Sporcle Settings to finish the process.

Report this User

Report this user for behavior that violates our Community Guidelines.

Details: